000 00963cam9a220024100 4500
001 qce00803075
005 20190815113200.0
008 720829s1956 ilu 000 0 eng u
010 _a 56008118
035 _a(Sirsi) r79404
035 _a(QCAT)lss00280675
035 _a(UPRA)qce00803075
040 _dUPRA
100 1 _aHerrick, Kenneth W.
_6A39161.1
245 1 0 _aTotal disability provisions in life insurance contracts.
260 _aHomewood, IL :
_bPublished for the S.S. Huebner Foundation for Insurance Education, University of Pennsylvania, by R.D. Irwin,
_c[1956]
490 1 _aS.S. Huebner Foundation for Insurance Education Studies
500 _aPublished for the S.S. Huebner Foundation for Insurance Education, University of Pennsylvania.
504 _aBibliography: p. 199-207.
830 0 _aStudies (S.S. Huebner Foundation for Insurance Education)
_6S6341.1
949 _aHG8958
_wlcc
_i-109385
_mMAIN
_tBOOK
_lON-SHELF
004 79404
999 _c71673
_d71673